Lista de Paises Hostiles de Rusia - Estadísticas

Estadísticas generales
  • Esta prueba ha sido intentada 96 veces
  • La puntuación promedio es 35 de 48
Estadísticas de respuestas
Respuesta % Correcto
Estados Unidos
99%
Canadá
96%
Alemania
94%
España
94%
Francia
91%
Australia
90%
Nueva Zelanda
86%
Finlandia
85%
Japon
85%
Ucrania
85%
Polonia
84%
Reino Unido
84%
Estonia
83%
Grecia
83%
Italia
83%
Letonia
83%
Lituania
83%
Noruega
83%
Austria
81%
Bélgica
80%
Corea del Sur
80%
Suecia
80%
Suiza
79%
Andorra
77%
Irlanda
77%
Albania
75%
Portugal
75%
Rumania
75%
Eslovenia
74%
Paises Bajos
74%
Bulgaria
72%
Croacia
72%
Eslovaquia
72%
Hungria
72%
Dinamarca
68%
Luxemburgo
68%
Islandia
64%
República Checa
64%
Montenegro
56%
Mónaco
54%
San Marino
54%
Malta
51%
Macedonia del Norte
49%
Chipre
46%
Taiwán
46%
Estados Federados de Micronesia
28%
Singapur
28%
Bahamas
14%
No se encontraron pruebas coincidentes
Distribución de puntuación
Porcentaje de gente con cada puntuación
Porcentaje por número respondido
Historial de tus puntuaciones
No has intentado esta prueba.